000 00385 a2200145 4500
005 20250414115640.0
020 _a0-471-56867-8
082 _a657 MAR
100 _aMARGOLIS, N.
245 _aAccounting Essentials.
260 _aNew York,
_bJohn Wiley & Sons,
_c1972.
300 _axv,308p.: ill.;
_bGlossary - Index
_c25cm
700 _aHARMON, P. N & SIMINI, P. J.
942 _2ddc
_cBKS
999 _c1382
_d1382